000 00479nam a22001577a 4500
003 PILC
005 20150304135235.0
008 150304b xxu||||| |||| 00| 0 eng d
020 _a9781606491614
050 _aHD 58.8
_b.G299 2010
100 _aGefen, David.
245 _aThe art of successful information system outsourcing /
_cDavid Gefen.
260 _aNew York :
_bBusiness Expert Press, LLC.,
_cc2010.
300 _a204 pages :
_billustrations ;
_c22 cm.
942 _2lcc
_cBK
999 _c283715
_d283715